Dance Moms Group Dances s1 - Statistics

General Stats
  • This quiz has been taken 158 times
  • The average score is 6 of 10
Answer Stats
Episode Answer % Correct
1 Party Party Party
93%
2 Electricity
85%
6 Where have all the Children Gone
72%
11 This is my Beauty
63%
3 Ups and Downs
58%
8 Snapshot
53%
10 My Pumps
50%
5 Sugar Daddies
47%
7 Make You Mine
44%
9 Sinful
42%
No matching quizzes found
Score Distribution
Percent of People with Each Score
Percentile by Number Answered
Your Score History
You have not taken this quiz